02165cas a2200445 450000100090000000300060000900500170001500700030003200800410003501000170007601600180009302200170011103500240012803700790015204001340023104200140036505000170037908200130039621000150040922200400042424500160046426000630048030000210054331000140056436200130057844000300059150000310062150000990065250005560075153000300130761000500133765000270138765000320141465000290144670000260147571000360150177600600153777600500159778000720164711171742AUA.120130508154059.0t|731115c19739999kyuqr p 0 a0eng  a 73644873 7 a0117649692Uk a0091-829621 a(OCoLC)ocm01787681  bLorraine Pellon, Business Manager, P.O. Box 1041, New Canaan, Conn., 06840 aDLCbengcDLCdOCoLCdNSDPdNSTdAIPdNSDPdNSTdMHdOCoLCdDLCdOCoLCdATLAdOCoLCdCaQQLdZP2dOCoLCdUKMGBdUkLSOAdOCoLCdDLC apccansdp00aBV2000b.M5504a266/.0070 aMissiology 0aMissiology: An International Review00aMissiology. a[Wilmore, Ky, etc.,bAmerican Society of Missiology]c2004 av.bill.c23 cm. aQuarterly0 aJan 2004 aMissiology.vVol.32, No.1 a"An international review." aVols. for published for the American Society of Missiology by Sage Publications. aArticles: The missiological perspective: what does it mean to do theology missiologically? “Oh, deep in my heart, I do believe…” Elements of a missionary spirituality for redressing racism; Dangerous memories, daring documents, and the demands of discipleship: the Christian church, racism, and racial justice; The dynamics and dismantling of white missionary privilege; The hidden issues of equality and outreach in the Chinese immigrant experience; God’s creative mission for lay professionals; Racism, restorative justice, and restoration;  aAlso issued in online ed.24aAmerican Society of Missiology.vPeriodicals. 0aMissionsvPeriodicals. 6aMissiologievPériodiques. 6aMissionsvPériodiques. aTerry C. MuckeEditor2 aAmerican Society of Missiology.1 tMissiology (Online)w(DLC) 2004221990w(OCoLC)5734693608iOnline version:tMissiologyw(OCoLC)75993361302tPractical anthropologyx0032-633Xw(DLC) 63038045w(OCoLC)1762756